| 000 | 00363nam a2200133Ia 4500 | ||
|---|---|---|---|
| 008 | 150202s9999 xx 000 0 und d | ||
| 020 | _a373116020 | ||
| 050 |
_aFIC _bFIC |
||
| 100 | _aWilson, Patricia. | ||
| 245 |
_aWalk upon the wind / _cPatricia Wilson. |
||
| 260 |
_aCanada : _bHarlequin Books, _c1992. |
||
| 300 |
_a189 pages : _c18 cm. |
||
| 650 | _aFiction. | ||
| 999 |
_c282469 _d282469 |
||